Dějiny obce Středolesí /

Hlavní autor: Hlavačka, Petr, 1967-
Korporativní autor: Hranice (Přerov, Česko)
Další autoři: Lapáček, Jiří, 1960-
Jazyk: Čeština
Vydáno: V Přerově : Opus Bohemiae pro město Hranice, 2015
Vydání: Vydání první
Témata:
Externí odkaz: Digitalizovaný dokument
Fyzický popis: 262 stran : ilustrace (některé barevné), mapy, portréty, plány, faksimile, erby ; 31 cm
Knihy
Uloženo v:
LEADER 01844nam a2200457 i 4500
001 nkc20152722106
003 CZ PrNK
005 20190716235006.0
007 ta
008 150729s2015 xr abcee 000 0 cze
015 |a cnb002722106 
020 |a 978-80-902918-4-3  |q (Opus Bohemiae ;  |q v knize neuvedeno ;  |q vázáno) 
035 |a (OCoLC)920663644 
040 |a BOA001  |b cze  |e rda 
043 |a e-xr---  |b e-xr-ol  |2 czenas 
072 7 |a 94(437)  |x Dějiny Česka a Slovenska  |2 Konspekt  |9 8 
080 |a 94(437.325)  |2 MRF 
080 |a (048.8)  |2 MRF 
100 1 |a Hlavačka, Petr,  |d 1967-  |7 mzk2015881253  |4 aut 
245 1 0 |a Dějiny obce Středolesí /  |c Petr Hlavačka, Jiří Lapáček 
250 |a Vydání první 
264 1 |a V Přerově :  |b Opus Bohemiae pro město Hranice,  |c 2015 
300 |a 262 stran :  |b ilustrace (některé barevné), mapy, portréty, plány, faksimile, erby ;  |c 31 cm 
336 |a text  |b txt  |2 rdacontent 
336 |a statický obraz  |b sti  |2 rdacontent 
337 |a bez média  |b n  |2 rdamedia 
338 |a svazek  |b nc  |2 rdacarrier 
500 |a Chronologický přehled 
504 |a Obsahuje bibliografii a bibliografické odkazy 
651 7 |a Středolesí (Hranice, Přerov, Česko)  |7 ge882775  |x dějiny  |2 czenas 
651 9 |a Středolesí (Hranice, Přerov, Czechia)  |x history  |2 eczenas 
655 7 |a monografie  |7 fd132842  |2 czenas 
655 9 |a monographs  |2 eczenas 
700 1 |a Lapáček, Jiří,  |d 1960-  |7 ola2002156499  |4 aut 
710 1 |a Hranice (Přerov, Česko)  |7 ge128484  |4 isb 
856 4 1 |u http://www.digitalniknihovna.cz/mzk/uuid/uuid:2d806350-8b64-11e9-b724-005056827e52  |y Digitalizovaný dokument  |x NDK 
910 2 |a BOA001  |b 4-1350.728 
990 |a BK 
995 |a 01 
991 |b 201508  |c NOV  |e n 
996 6 |b 2610641135  |c 4-1350.728  |l MZK  |r Sklad / do 1 hodiny  |n 4  |p p.v.  |w 001517063  |u 000010  |a 1  |e BOA001  |j MZK50  |s P